[Event "RUS-ch Rapid 2021"]
[Site "Sochi"]
[Date "2021.10.12"]
[Round "1.10"]
[White "Khripachenko, Alexander"]
[Black "Kobalia, Mikhail"]
[Result "0-1"]
[WhiteElo "2282"]
[BlackElo "2600"]
[Annotator "TA"]
[PlyCount "144"]
[EventDate "2021.10.12"]
[EventType "swiss"]
[EventCountry "RUS"]
[SourceTitle "playchess.com"]
[Source "ChessBase"]
[SourceQuality "1"]

{[%evp 12,144,12,18,37,25,33,3,15,0,42,8,11,1,15,-4,0,0,15,15,25,-3,0,0,0,0,40,
0,14,-3,6,6,6,6,8,10,16,14,8,5,48,0,0,0,18,18,18,18,18,-44,-20,-22,0,0,0,0,25,
10,10,0,74,75,91,28,37,33,63,40,42,43,42,41,54,54,71,-20,-20,-20,0,0,0,0,0,0,0,
0,4,0,0,0,0,0,0,-18,-30,-30,0,-24,-24,-17,-26,-21,0,-19,-18,-44,0,-54,-49,-158,
-162,-374,-356,-419,-419,-343,-308,-308,-308,-304,-304,-354,-337,-460,-335,
-547,-541,-515,-513,-6079,-1000,-749,-731,-5418,-566]} 1. e4 c5 2. Nf3 e6 3. d4
cxd4 4. Nxd4 Nc6 5. Nc3 a6 6. Be3 Nf6 7. a3 d6 {B46: Sicilian: Taimanov: 5 Nc3
a6.} 8. Be2 Be7 9. O-O O-O {The position is equal.} 10. f4 Bd7 11. Kh1 Nxd4 $5
{[%mdl 4] Leaves trodden paths.} 12. Bxd4 Bc6 13. Bd3 b5 14. Qe1 Nd7 $5 {
[%mdl 4] Exploring less charted territory.} 15. Qg3 {[%csl Gd4][%cal Rg3g7]} e5
16. Be3 Bf6 17. Rad1 {[#]} Re8 $146 ({Predecessor:} 17... Qe7 18. Be2 Rfd8 19.
f5 Nc5 20. Qf3 Rac8 21. b4 Nd7 22. a4 Bb7 23. Nd5 Bxd5 24. Rxd5 bxa4 25. Bxa6
Rxc2 {1-0 (30) Nezhmetdinov,R-Kopylov,I Irkutsk 1966}) 18. f5 Qb8 19. Qf2 h6
20. g4 Qd8 21. Be2 Qe7 22. Nd5 Bxd5 23. Rxd5 Rec8 24. c3 Bh4 $36 {[%mdl 2048]
Black has the initiative.} 25. Qg2 Bg5 26. Bf2 Rc6 27. Rfd1 Nb6 28. Bxb6 Rxb6
29. Qf2 Rab8 30. b3 ({White should play} 30. Ra1 $11) 30... Rc6 31. c4 {
[%cal Rc4b5]} b4 32. a4 Rbc8 33. Kg2 g6 34. Qf3 Bf4 35. Qf2 gxf5 (35... Bg5 $11
) 36. exf5 $16 h5 37. Rg1 (37. gxh5 $16 Kh8 38. Kh1) 37... hxg4 {White should
prevent ...Qg5.} 38. Kf1 g3 39. hxg3 (39. Qf3 {with more complications.} Qg5
40. hxg3 Be3 41. Rh1 e4 42. Qg4) 39... Bg5 40. Rh1 Qf6 41. Bd3 e4 42. Bxe4 {
Strongly threatening Rd4.} Re8 43. Bf3 (43. Qf3 $16) 43... Re3 $11 44. Bd1 Rc8
45. Kg2 Rce8 46. Rh5 Kg7 47. Kh2 Rh8 48. Rxh8 Kxh8 49. Kg2 Kg7 50. Rd2 Qe5 51.
f6+ Bxf6 52. Re2 Qe4+ 53. Kh2 $1 Rf3 (53... Qh7+ {is interesting.} 54. Kg2 Rc3
55. Bc2 Qh6 56. Qf5 Qg6) 54. Qg2 (54. Rxe4 {seems wilder.} Rxf2+ 55. Kh3 Rd2
56. Be2 a5 57. Kg4) 54... Qh7+ 55. Qh3 Qxh3+ 56. Kxh3 {[%mdl 4096] Endgame
KRB-KRB} Rc3 57. Kg4 Be5 58. Rg2 a5 59. Bc2 ({White should try} 59. Kf5 $11)
59... Kf6 $15 60. Be4 (60. Bd1 $15) 60... Rxb3 $17 61. Bd5 $2 (61. Rf2+ {
is the only way for White.} Ke7 62. Rf3) 61... Ke7 $19 62. c5 Rd3 63. cxd6+
Bxd6 64. Be4 Re3 65. Kf5 Bxg3 66. Rc2 b3 67. Rc6 Be1 68. Rb6 $2 (68. Rc7+ Kd8
69. Rc1) 68... Bb4 {And now ...Rxe4! would win.Black is clearly winning.} 69.
Rb7+ Kd6 {Threatens to win with ...Rxe4!} 70. Rb8 {[#]} (70. Rxf7 $142 b2 71.
Bc2) 70... b2 (70... Rxe4 $142 $1 71. Kxe4 b2 72. Rd8+ Kc5) 71. Rd8+ Kc5 {
Hoping for ...Rxe4.} 72. Rd1 {[#]} Kc4 {Weighted Error Value: White=0.18/
Black=0.11} (72... Rxe4 $142 $1 73. Kxe4 Kc4) 0-1

[Event "RUS-ch Rapid 2021"]
[Site "Sochi"]
[Date "2021.10.12"]
[Round "1.11"]
[White "Sakaev, Konstantin"]
[Black "Koshulyan, Egor A."]
[Result "1-0"]
[WhiteElo "2603"]
[BlackElo "2002"]
[Annotator "TA"]
[PlyCount "123"]
[EventDate "2021.10.12"]
[EventType "swiss"]
[EventCountry "RUS"]
[SourceTitle "playchess.com"]
[Source "ChessBase"]
[SourceQuality "1"]

{[%evp 24,123,27,29,56,40,48,18,20,10,56,33,43,31,60,56,58,13,48,37,112,100,
124,93,102,83,106,91,91,86,102,70,159,27,81,82,82,85,78,92,90,75,195,100,114,
89,105,-22,94,110,115,108,396,396,372,370,731,892,871,861,899,897,869,880,825,
470,591,583,550,560,579,445,452,418,650,649,639,630,590,615,1027,938,1068,1054,
1043,1037,993,950,1286,1291,1191,1044,1177,1188,1287,1250,1171,1067,2743,2327,
29989,5235]} 1. d4 d5 2. c4 e6 3. Nc3 Be7 4. cxd5 exd5 5. Bf4 c6 6. e3 Nf6 7.
Bd3 O-O 8. h3 Nbd7 9. Nf3 Re8 10. O-O Nf8 11. Ne5 N6d7 12. Nf3 Nf6 13. Qc2 h6 {
D35: Queen's Gambit Declined: Exchange Variation.} 14. Ne5 N6d7 15. Bg3 Nxe5 {
[#] The position is equal.} 16. dxe5 $146 ({Predecessor:} 16. Bxe5 Bf6 17. f4
Bh4 18. f5 Nd7 19. Bf4 Nf6 20. g3 Bg5 21. Bxg5 hxg5 22. Qf2 Qd6 23. Qf3 {
0-1 (35) Furman,B (2237)-Krejci,J (2463) Pardubice 2010}) 16... b5 17. f4 Qb6
18. Bf2 Bb7 19. Rad1 Rad8 20. Be2 a6 21. Bf3 b4 (21... Bc5 $14) 22. Na4 $16 Qa7
23. Rd2 a5 24. Rfd1 Ne6 25. h4 Qb8 26. b3 Ba8 27. Qf5 Bb7 (27... Bf8 $14) 28.
Qg4 ({White should try} 28. Bh5 $1 $16 {[%cal Rh5f7]} Rf8 29. Bxf7+ $1 {
[%mdl 576] Remove Defender} Rxf7 30. Qxe6) 28... Nf8 (28... Nc5 $11 {remains
equal.}) 29. e4 dxe4 30. Bxe4 Rxd2 31. Rxd2 Rd8 32. Rc2 Qa8 (32... c5 $16 {
might work better.} 33. Bxb7 Qxb7) 33. Qf3 ({White should play} 33. f5 $18 {
Threatens to win with f6!} h5 34. Qg3 Rd1+ 35. Kh2) 33... Ne6 34. Rc4 {
Strongly threatening f5.} ({Don't play} 34. Bxc6 $6 Bxc6 35. Rxc6 Nxf4 $15)
34... Ba6 35. Rxc6 (35. Nb6 $16 Qb8 36. Rxc6) 35... Bb7 (35... Nd4 $1 $11 36.
Bxd4 Rxd4) 36. Nb6 $36 {[%mdl 2048] White is really pushing.} Qb8 {[#]} 37. Nd5
$1 {[%cal Rd5e7][%mdl 512]} Bf8 {[%mdl 8192] A mistake that costs the game.} (
37... Rxd5 $16 38. Bxd5 Bxc6 39. Bxc6 Qd8) 38. Rb6 $18 Kh8 {[#] White should
prevent ...Nc5.} 39. Nf6 $1 {[%mdl 512]} gxf6 $2 (39... Nc5 40. Bxb7 gxf6) 40.
Rxb7 {[%mdl 64] Double Attack} Qc8 41. Rxf7 {Rh7+ is the strong threat.} Qc1+
42. Kh2 {Rh7+ would kill now.} Qxf4+ 43. Qxf4 Nxf4 44. Rxf6 Nh5 45. Rf5 Ng7 46.
Rf3 Ne6 47. Rd3 Rc8 48. Rd5 a4 (48... Bc5 $142 49. Bg3 Rg8) 49. bxa4 Rc4 50.
Bd3 Rc3 51. Bf5 Nf4 52. Rd4 Ne2 53. Rd8 Kg7 54. Rd7+ Kg8 55. Bg4 Rc2 56. e6 Nf4
57. Kg3 Ng6 58. Bf5 Rc3+ 59. Kh2 Ne7 60. Bd3 Rc6 61. a5 Nc8 62. a6 {Weighted
Error Value: White=0.36/Black=0.45} (62. Bh7+ $142 Kh8 63. Bd4+ Bg7 64. Rxg7
Rd6 65. Rc7+ Rxd4 66. Rxc8+ Kxh7 67. e7) 1-0

[Event "RUS-ch Rapid 2021"]
[Site "Sochi"]
[Date "2021.10.12"]
[Round "1.12"]
[White "Nezamyatin, Ruslan"]
[Black "Bologan, Victor"]
[Result "0-1"]
[WhiteElo "2070"]
[BlackElo "2574"]
[Annotator "TA"]
[PlyCount "100"]
[EventDate "2021.10.12"]
[EventType "swiss"]
[EventCountry "RUS"]
[SourceTitle "playchess.com"]
[Source "ChessBase"]
[SourceQuality "1"]

{[%evp 20,100,32,56,76,54,106,89,72,67,48,5,7,-3,-3,-20,-17,-38,-39,-53,-47,
-37,-40,-51,-46,-72,-2,-91,-109,-180,-181,-182,-187,-192,-101,-111,-72,-43,-67,
-147,-135,-348,-86,-91,-105,-179,-100,-257,-97,-163,-151,-268,-256,-263,-260,
-241,-260,-228,-258,-253,-220,-252,-97,-73,-53,-260,-230,-662,-662,-662,-660,
-647,-647,-616,-601,-29982,-11646,-5285,-5106,-29985,-29986,-29990,-29991]} 1.
d4 d6 2. Nf3 Nf6 3. c4 g6 4. g3 Bg7 5. Bg2 O-O 6. O-O c6 7. Nc3 Qa5 8. e4 Bg4
9. h3 Bxf3 10. Qxf3 Nfd7 11. Rd1 a6 {E62: King's Indian: Fianchetto: 6...c6
and Panno Variation (6...Nc6) without ...a6.} 12. a3 {[#]} b5 $146 (12... c5
$14) ({Predecessor:} 12... c5 13. Be3 Nc6 14. dxc5 Nde5 15. Qe2 dxc5 16. Nd5 e6
17. b4 Qd8 18. Bxc5 exd5 19. exd5 {0-1 (34) Mozny,M (2425)-Georges,S (2295)
Biel 1992}) 13. b4 Qc7 {White is better.} 14. cxb5 axb5 15. Bb2 Nb6 16. Bf1
N8d7 17. Rac1 Qb7 18. e5 d5 19. Rc2 e6 20. Bc1 f6 21. exf6 Bxf6 22. Qg4 e5 (
22... Rfe8 $17) 23. Ne2 (23. Nxb5 $11 cxb5 24. Bxb5) 23... Nc4 $17 24. dxe5 (
24. h4 $17) 24... Ndxe5 $19 25. Qe6+ Kh8 26. h4 Nxa3 (26... Qa7 $19 27. Bh6 Bg7
28. Bxg7+ Kxg7) 27. Ra2 Nac4 (27... Rae8 {with more complications.} 28. Qh3
Nac4 29. Nd4 h5 30. Ne6 Rg8) 28. Rxa8 Qxa8 29. Bh6 ({White should try} 29. Nd4
$15) 29... Qe8 30. Qh3 $2 (30. Nf4 $17 Qxe6 31. Nxe6) 30... Bg7 $2 (30... Nf3+
$19 31. Kh1 Nb2 32. Rxd5 cxd5 33. Bxf8 Qxf8) 31. Bxg7+ $17 Kxg7 32. Nf4 (32.
Nd4 $17 Nf3+ 33. Nxf3 Rxf3 34. Qg4) 32... Kh8 (32... Rf6 $19 33. Be2 Qe7) 33.
Ra1 $2 (33. Be2 $17 {was called for.}) 33... Qf7 $2 (33... Nf3+ $19 34. Kh1 Qe4
) 34. Ra2 (34. Qe6 $17) 34... Re8 $19 35. Bg2 (35. Be2 $17 {was necessary.})
35... d4 {aiming for ...d3.} 36. Bf1 {[#]} Nd2 $1 {[%mdl 512]} 37. Ra1 Nef3+
38. Kh1 Ne4 39. Kg2 Ne5 40. Re1 Nc3 (40... Nf6 $19 {has better winning chances.
} 41. Rd1 Qb3 {[%mdl 64] Double Attack}) 41. h5 $17 {[#]} Kg7 $1 $36 {[%mdl
2048] Strongly threatening ...g5. Black is pushing.} 42. hxg6 ({White should
play} 42. Qh4 $15) 42... hxg6 $19 43. Bd3 $2 (43. Rxe5 Rxe5 44. Bd3) 43... Nxd3
{[%mdl 64] Discovered Attack, Overworked Piece} 44. Nxd3 Qd5+ 45. Kg1 Rxe1+ 46.
Nxe1 d3 47. Qh4 {intending Qe7+.} d2 (47... g5 $142 48. Qh5 d2 49. Qe8 d1=Q 50.
Qe7+ Kg6 51. Qe8+ Qf7 52. Qe3 Ne2+ 53. Kf1 Nd4 54. Kg2 Kf6 55. Nf3 Qd5 56. Qe5+
{[%mdl 64] Decoy} Qxe5 57. Nxe5 Kxe5 58. f4+ gxf4 59. Kh3 fxg3 60. Kxg3 Qg1+
61. Kh3 Kf5 62. Kh4 Qh2#) 48. Qe7+ Qf7 49. Qe5+ Qf6 50. Qc7+ Kh6 {Weighted
Error Value: White=0.66/Black=0.41} 0-1

[Event "RUS-ch Rapid 2021"]
[Site "Sochi"]
[Date "2021.10.12"]
[Round "1.13"]
[White "Tsydypov, Zhamsaran"]
[Black "Vershinin, Igor"]
[Result "1-0"]
[WhiteElo "2526"]
[BlackElo "2188"]
[Annotator "TA"]
[PlyCount "79"]
[EventDate "2021.10.12"]
[EventType "swiss"]
[EventCountry "RUS"]
[SourceTitle "playchess.com"]
[Source "ChessBase"]
[SourceQuality "1"]

{[%evp 21,79,0,0,0,16,16,44,33,92,20,187,162,449,462,464,445,456,465,448,453,
469,470,627,624,599,640,738,720,737,733,725,725,797,797,731,711,777,771,766,
763,731,698,725,715,730,610,1717,1672,2018,2034,1949,1949,1185,603,1147,831,
814,799,799,791]} 1. d4 d5 2. Nf3 c6 3. c4 Nf6 4. Nc3 e6 5. e3 Nbd7 6. Qc2 Bd6
7. Bd3 dxc4 8. Bxc4 b5 9. Bd3 O-O 10. O-O Bb7 11. a3 a6 {The old main line.}
12. b4 {D46: Semi-Slav: 5 e3 Nbd7 6 Bd3, Black avoids the Meran.} Qe7 13. Bd2
a5 14. bxa5 {White is slightly better.} Bxa3 (14... Rfc8 $14) 15. e4 {[#]} (15.
Ne5 $16) 15... h6 $146 (15... e5 $1 $11) ({Predecessor:} 15... b4 16. Nb1 Rxa5
17. e5 Nd5 18. Bg5 f6 19. Bxh7+ Kh8 20. Nh4 Qd8 21. Ng6+ Kxh7 22. Nxf8+ {
1-0 (34) Lomineishvili,M (2351)-Khalafova,N (2107) Belgrade 2013}) 16. e5 $18
Nd5 (16... Ne8 {was necessary.} 17. Qb3 b4 18. Rxa3 {[%mdl 64] Pin} bxc3) 17.
Nxd5 {White is clearly winning.} exd5 18. Qb3 b4 {[#]} 19. Rxa3 $1 {[%mdl 512]}
bxa3 20. Qxb7 Qe6 21. Qb3 f6 22. exf6 Rxf6 23. Qxa3 Raf8 24. Ne5 Nxe5 25. dxe5
Qxe5 26. a6 Qc7 27. Be3 Ra8 28. Qc5 Qd6 29. Qxd6 Rxd6 30. Bc5 Rd7 31. Rb1 Kf7
32. f4 Ke6 33. Rb7 {[#] Hoping for f5+.} Rxb7 34. axb7 Rb8 35. Ba6 Kd7 36. Kf2
Kc7 37. Ke3 Re8+ 38. Kd3 Kb8 39. Bd6+ Ka7 40. b8=Q+ {Black did not feel at
home in the position after the opening.  Weighted Error Value: White=0.45/
Black=0.72} 1-0

[Event "RUS-ch Rapid 2021"]
[Site "Sochi"]
[Date "2021.10.12"]
[Round "1.14"]
[White "Averin, Nikolay"]
[Black "Kezin, Roman"]
[Result "0-1"]
[WhiteElo "2129"]
[BlackElo "2492"]
[Annotator "TA"]
[PlyCount "137"]
[EventDate "2021.10.12"]
[EventType "swiss"]
[EventCountry "RUS"]
[SourceTitle "playchess.com"]
[Source "ChessBase"]
[SourceQuality "1"]

{[%evp 9,137,13,35,14,28,18,17,-6,13,-7,10,0,0,18,25,0,7,6,21,26,14,13,14,25,
13,0,29,12,29,35,43,40,33,45,53,39,47,60,63,52,65,0,0,-9,0,0,29,-20,81,0,40,
-23,29,29,10,23,110,-125,-127,-127,-95,-123,-105,-119,-104,-103,-109,-236,-233,
-231,-229,-269,-209,-283,-236,-277,-260,-275,-271,-262,-259,-291,-291,-397,
-344,-508,-496,-1038,-983,-29970,-29971,-29969,-29972,-29980,-29981,-29976,
-29975,-29976,-29975,-29974,-29975,-29975,-29976,-29977,-29978,-29978,-29979,
-29978,-29974,-29981,-29976,-29982,-29977,-29980,-29981,-29981,-29979,-29981,
-29978,-29976,-29979,-29979,-29980,-29985,-29986,-29986,-29987,-29987,-29988,
-29989]} 1. e4 c5 2. Nf3 e6 3. d4 cxd4 4. Nxd4 a6 5. Nc3 Qc7 6. Qf3 {B43:
Sicilian: Kan Variation: 5 Nc3.} Nf6 7. Qg3 d6 8. f3 {The position is equal.}
b5 9. a3 Nbd7 10. Be3 Bb7 11. O-O-O Rc8 12. Bxb5 axb5 13. Ndxb5 {[#]} Qb8 $146
({Predecessor:} 13... Qa5 14. Nxd6+ Bxd6 15. Qxd6 Rc6 16. Qb4 Qxb4 17. axb4 O-O
18. Na4 h6 19. b3 Ba6 {1/2-1/2 (69) Milov,L (2474)-Bharath,S (2301) Karlsruhe
2019}) 14. Nxd6+ Bxd6 15. Qxd6 Qxd6 16. Rxd6 Ne5 17. Rb6 Bc6 {Hoping for ...
Nc4.} 18. Rb4 O-O 19. Rd1 h6 20. Bc5 {[%mdl 1024] White has compensation.} Rfe8
21. Bd6 Nfd7 22. b3 f5 23. Kb2 Nf7 24. Bg3 Nf6 25. a4 (25. exf5 $1 $14 exf5 26.
a4) 25... fxe4 $11 26. fxe4 Ng5 {[%cal Rg5e4]} 27. Re1 Red8 28. Bf4 Nh5 (28...
Nf7 $11) 29. Bc1 ({White should play} 29. Bxg5 $16 hxg5 30. Rc4) 29... e5 (
29... Nf7 {feels hotter.} 30. e5 Bxg2 31. Rh4 Bf3 32. Rh3 Bg4) 30. g3 (30. Nd5
$14 Kf7 31. Bxg5 hxg5 32. Nb6) 30... Nf6 (30... Nf3 $142 31. Rf1 Nd4) 31. Bxg5
hxg5 32. a5 Rd4 (32... Kf7 $11) 33. Ka3 $2 {[#]} (33. Rxd4 $16 {is necessary
to keep the advantage.} exd4 34. Ne2) 33... Ra8 $1 $17 {[%cal Ra8a5]} 34. Rxd4
exd4 35. Ne2 Rxa5+ 36. Kb4 Ra2 37. Nxd4 Bxe4 38. c4 {Loses the game.} (38. Re2
$17 {might work better.}) 38... Rxh2 $19 39. Ne6 g4 40. Ng5 Bf3 41. c5 Rh5 42.
Re5 Rh1 43. Kb5 Rc1 44. b4 Kf8 45. Ne6+ Kf7 46. Nd8+ Kg6 47. c6 (47. Nc6 $142)
47... Nd5 48. Re6+ (48. Ka4 $142) 48... Kf5 49. Rd6 Be2+ {Black mates.} 50. Ka4
Bc4 {[%cal Rc1a1]} 51. Ka3 Rc2 {[%csl Gc4][%cal Rc2a2]} 52. Rxd5+ Bxd5 {
[%csl Gd5][%cal Rc2a2]} 53. b5 Kf6 54. Kb4 Ke7 55. Nb7 Bxc6 56. bxc6 Rxc6 {
[%mdl 4096] Endgame KR-KN} 57. Nc5 Kd6 58. Nd3 Kd5 59. Kb5 Rc8 60. Nf2 Rc4 61.
Nd1 Kd4 62. Nf2 Rc5+ 63. Kb4 Rg5 64. Nd1 Ke4 65. Kc4 Kf3 66. Kd3 Rd5+ 67. Kc2 {
[#]} Rxd1 $1 68. Kxd1 Kxg3 69. Ke1 {Weighted Error Value: White=0.61/Black=0.16
} 0-1

[Event "RUS-ch Rapid 2021"]
[Site "Sochi"]
[Date "2021.10.12"]
[Round "1.16"]
[White "Palin, Denis"]
[Black "Afanasiev, Nikita"]
[Result "0-1"]
[WhiteElo "2110"]
[BlackElo "2560"]
[Annotator "TA"]
[PlyCount "132"]
[EventDate "2021.10.12"]
[EventType "swiss"]
[EventCountry "RUS"]
[SourceTitle "playchess.com"]
[Source "ChessBase"]
[SourceQuality "1"]

{[%evp 9,132,24,42,10,14,13,33,0,0,0,5,0,0,0,0,0,31,18,17,21,27,24,32,0,0,0,0,
14,100,0,78,75,103,0,0,0,0,0,0,0,-7,-6,-8,-20,0,0,0,0,0,-19,48,29,90,54,71,68,
54,41,44,28,29,38,31,0,-15,-13,-8,-15,-20,-32,-36,-84,-37,-56,0,0,0,-8,-8,-34,
-51,-107,-9,-33,-44,-144,-149,-257,-253,-217,-140,-243,-158,-176,-144,-162,
-143,-1292,-1299,-1278,-1181,-1197,-1015,-5427,-876,-29980,-29980,-29980,
-29981,-29981,-29982,-29982,-29983,-29985,-29986,-29986,-29985,-29985,-29986,
-29986,-29987,-29987,-29988,-29988,-29989]} 1. c4 e6 2. Nf3 Ne7 3. d4 g6 4. e4
Bg7 5. Nc3 d5 6. cxd5 {A13: English Opening: 1...e6.} exd5 7. e5 Nbc6 $5 {
[%mdl 4] Exploring less charted territory.} 8. Bb5 {White is slightly better.}
O-O 9. Bg5 h6 10. Be3 f6 11. exf6 Rxf6 12. Qd2 {[#]} Qf8 $146 ({Predecessor:} 
12... Kh7 13. O-O-O a6 14. Bxc6 Nxc6 15. Ne5 b5 16. Qc2 Bf5 17. Qb3 b4 18. Nxd5
Nxe5 19. Nxf6+ Qxf6 20. dxe5 {0-1 (33) Koskov Kalkamanov,A (1297)-Palamarchuk,
A (1893) Pardubice 2019}) 13. Ne5 Nxe5 14. dxe5 Rf7 15. f4 (15. Nxd5 $2 Nxd5
16. Qxd5 c6 $19) 15... c6 16. Ba4 Nf5 17. Bf2 g5 {White must now prevent ...
gxf4.} 18. g3 Ne7 (18... gxf4 $11 19. gxf4 d4) 19. Be3 (19. fxg5 Ng6 $17) (19.
Bc5 $16) 19... Bh3 {[#]} (19... Nf5 $11 {keeps the balance.} 20. Bf2 d4) 20.
O-O-O $1 $16 Rd8 21. Qe2 ({White should play} 21. Bc5 $16) 21... Nf5 {...Bg4!
is the strong threat.} 22. Bf2 (22. Bxa7 b5 $17) 22... Ne7 $36 {[%mdl 2048]
Black is pushing.} 23. Be3 gxf4 24. gxf4 Rxf4 25. Bxf4 Qxf4+ {[%mdl 64] Double
Attack} 26. Kb1 Bg4 ({Of course not} 26... Bxe5 $6 27. Bc2 $16) 27. Qf1 Rf8 ({
Don't blunder} 27... Bxe5 $2 28. Qxf4 Bxf4 29. Rdg1 $18) 28. Qxf4 Rxf4 29. Rde1
d4 (29... Ng6 $11) 30. Ne2 Re4 (30... Bxe2 $11 31. Rxe2 Nf5) 31. Nc1 Bf5 {
[#] And now ...Rxe1+ would win.} ({But not} 31... Rxe5 $2 32. Rxe5 Bxe5 33. Rg1
$18) 32. Bc2 $1 {[%cal Rc2e4]} Rxe5 33. Rxe5 Bxe5 34. Re1 Bd6 35. Bxf5 Nxf5 $11
{[%mdl 4096] Endgame KRN-KBN} 36. Re2 Ne3 37. Nb3 c5 38. Nd2 Kf7 39. Ne4 Be7
40. Ng3 c4 41. Nf1 Nf5 ({Better is} 41... Nxf1 $15 42. Rf2+ Ke6 43. Rxf1 b6)
42. Re4 Bf6 43. Nd2 Nd6 44. Rg4 h5 45. Rg2 (45. Rg1 $15) 45... Ke6 (45... b5
$17 46. Rg1 Ke6) 46. Re2+ Kd5 47. Rf2 (47. Rg2 $1 $15) 47... Bg5 $17 48. Nf3 (
48. Nf1 $17) 48... Be3 $19 49. Rg2 Ke4 50. Ng5+ (50. Nh4 $17 {keeps fighting.})
50... Kd3 51. Nf3 Bf4 52. Rg6 Ne4 53. Re6 $2 {[%mdl 8192] White does not
recover from this.} (53. Rg7 $17) 53... Nd2+ 54. Nxd2 Kxd2 {KR-KB} 55. Re4 Be3
56. Re7 b5 57. Rxa7 b4 {Black mates.} 58. Rc7 c3 59. bxc3 bxc3 60. a4 d3 61. a5
c2+ 62. Kb2 Bd4+ 63. Kb3 c1=Q 64. Rxc1 Kxc1 65. Kc4 {[#]} d2 $1 66. Kxd4 d1=Q+
{Weighted Error Value: White=0.49/Black=0.20} 0-1

[Event "RUS-ch Rapid 2021"]
[Site "Sochi"]
[Date "2021.10.12"]
[Round "1.17"]
[White "Iljiushenok, Ilia"]
[Black "Onischenko, Leonid"]
[Result "1-0"]
[WhiteElo "2554"]
[BlackElo "1946"]
[Annotator "TA"]
[PlyCount "107"]
[EventDate "2021.10.12"]
[EventType "swiss"]
[EventCountry "RUS"]
[SourceTitle "playchess.com"]
[Source "ChessBase"]
[SourceQuality "1"]

{[%evp 15,107,38,39,34,39,39,44,37,38,32,47,21,30,39,39,14,22,0,0,0,0,0,0,0,0,
0,6,7,13,13,14,0,0,0,16,-6,4,0,2,-7,5,0,8,0,0,0,0,0,0,0,19,6,14,0,0,0,11,13,81,
0,22,15,24,22,34,25,35,31,160,49,60,69,75,52,107,100,173,161,281,273,498,199,
1523,1159,29990,780,834,594,545,176,29947,1076,2363,2223]} 1. e4 d5 2. exd5
Qxd5 3. Nc3 Qa5 4. d4 c6 5. Bc4 Bf5 6. Nf3 Nf6 7. Bd2 Qc7 8. Bb3 e6 9. Qe2 {
B01: Scandinavian Defence.} Nbd7 10. Nh4 Bg6 11. Nxg6 {White is slightly
better.} hxg6 12. g3 {[#]} a5 $146 ({Predecessor:} 12... O-O-O 13. O-O-O Nb6
14. Ne4 Rxd4 15. Ng5 Rd7 16. Bf4 Bd6 17. Bxd6 Rxd6 18. Rxd6 {1-0 (18) Mista,A 
(2598)-Andrejczuk,B (2088) Zgierz 2017}) 13. a3 Bd6 14. h4 O-O 15. O-O Rfd8 16.
Rad1 b5 17. Rfe1 b4 18. axb4 axb4 19. Ne4 Nxe4 20. Qxe4 Nf6 21. Qf3 Ra5 22. Bg5
Rda8 23. Re2 Rf5 24. Qg2 Nd5 25. Rde1 Qa7 26. Qe4 Qc7 27. Bd2 Re8 28. Qg2 Nf6
29. c4 bxc3 $1 30. bxc3 Rb8 31. Bc2 Ra5 32. Bg5 Rb2 33. Qf3 Be7 34. Bf4 Bd6 35.
Bc1 Rb8 36. Bg5 Be7 {[#]} (36... Nh7 $1 $11 {remains equal.}) 37. c4 (37. Bxg6
$1 $16 fxg6 38. Rxe6 {[%mdl 64] Double Attack}) 37... Ra3 38. Re3 $36 {[%mdl
2048] White is more active.} Rba8 39. Kg2 Bb4 40. R1e2 Rxe3 41. Rxe3 Ra2 {[#]}
(41... Be7 $14) 42. Bb3 (42. Bxg6 $1 $16 {[%mdl 512]} Qd8 43. Rb3 $1 fxg6 44.
Rxb4) 42... Rb2 43. Bxf6 gxf6 44. Qxf6 {And now c5 would win.} Be7 (44... Qe7
$1 $14 45. Qxe7 Bxe7) 45. Qf3 $16 Kg7 (45... Qd7 $16 {was necessary.}) 46. h5
$1 $18 {[%cal Rh5h6] h6+! is the strong threat.} gxh5 (46... Bg5 $142) 47. Qxh5
Qb7 $2 {[#]} (47... Bf6 48. Rf3 Qe7) 48. Rf3 $2 Bd6 $2 (48... f5) 49. Qg5+ Kh7
{[#]} 50. Ba4 (50. Rf6 $142 $1 Bf8 {[#]} (50... c5+ 51. d5) 51. Rf4 $1 c5+ 52.
d5 Bg7 53. Rh4+ Kg8 54. Qd8+ Bf8 55. Rg4+ Kh7 56. Qxf8 Qxd5+ 57. cxd5 Rxf2+ 58.
Kxf2 exd5 59. Qg7#) 50... f5 51. c5 Bf8 52. Qf6 $2 (52. d5 Qe7 53. Qxe7+ Bxe7
54. dxc6) 52... Qc8 (52... Qe7 $18 53. Qxe7+ Bxe7 54. Bxc6 Rd2) 53. Rf4 (53.
Qf7+ $142 Bg7 54. Rf4 Qd8 55. Rh4+ Qxh4 56. gxh4 Rd2 57. Qxe6 Bxd4 58. Qxf5+
Kh8 59. Qh5+ Kg8 60. Qg5+ Bg7 61. Qxd2) 53... Bg7 54. Qf7 {[%cal Rf4h4]
Weighted Error Value: White=0.36/Black=0.52} 1-0